00708 2200253 4500001002100000005001500021035002000036007000300056008004100059020002200100082001200122084001800134100001200152245011300164250001000277260003600287300003600323650001900359504002900378990001200407990001100419990001200430990001200442INLIS00000000000269520190104084548 a0010-0119000047ta190104 g 0 ind  a978-602-453-318-2 a633.183 a633.183 JAM p0 aJAMILAH1 aPeluang Budidaya Tanaman Padi sebagai Penyedia Beras dan Pakan Ternak Menunjang Kedaulatan Pangan /cJamilah acet.1 aYogyakarta :bDeepublish,c2017 avii, 83 hlm. :bilus. ;c25 cm. aPADI-PENANAMAN aBibliografi : hlm. 81-83 a16881 a a1688 b a16881 b a16881 a